Stevens y Lowe : (Registro nro. 71004)
[ vista simple ]
| 000 -LEADER | |
|---|---|
| fixed length control field | 01388nam a2200373 i 4500 |
| 001 - CONTROL NUMBER | |
| control field | 71004 |
| 003 - CONTROL NUMBER IDENTIFIER | |
| control field | Mx-PuUPA |
| 005 - DATE AND TIME OF LATEST TRANSACTION | |
| control field | 20240508132904.0 |
| 008 - FIXED-LENGTH DATA ELEMENTS--GENERAL INFORMATION | |
| fixed length control field | 240508s2020 sp a|||fr|||| 00| 0 spa d |
| 017 ## - COPYRIGHT OR LEGAL DEPOSIT NUMBER | |
| Copyright or legal deposit number | B.2.316-2020 |
| 020 ## - INTERNATIONAL STANDARD BOOK NUMBER | |
| International Standard Book Number | 9788491136279 |
| 040 ## - CATALOGING SOURCE | |
| Original cataloging agency | Mx-PuUPA |
| Language of cataloging | spa |
| Transcribing agency | Mx-PuUPA |
| Modifying agency | Mx-PuUPA |
| Description conventions | rda |
| 041 1# - LANGUAGE CODE | |
| Language code of text/sound track or separate title | spa |
| Language code of original | eng |
| 100 1# - MAIN ENTRY--PERSONAL NAME | |
| Personal name | Lowe, J. S., |
| Fuller form of name | (James Steven) |
| 9 (RLIN) | 15668 |
| Relator term | autor |
| 240 10 - UNIFORM TITLE | |
| Uniform title | Stevens & Lowes human histology. |
| Language of a work | Español |
| 245 10 - TITLE STATEMENT | |
| Title | Stevens y Lowe : |
| Remainder of title | histología humana / |
| Statement of responsibility, etc. | James S. Lowe, Peter G. Anderson, Susan I. Anderson |
| 246 3# - VARYING FORM OF TITLE | |
| Title proper/short title | Histología huama. |
| 250 ## - EDITION STATEMENT | |
| Edition statement | Quinta edición |
| 264 #1 - PRODUCTION, PUBLICATION, DISTRIBUTION, MANUFACTURE, AND COPYRIGHT NOTICE | |
| Place of production, publication, distribution, manufacture | Barcelona, España : |
| Name of producer, publisher, distributor, manufacturer | Elsevier España, |
| Date of production, publication, distribution, manufacture, or copyright notice | ©2020 |
| 300 ## - PHYSICAL DESCRIPTION | |
| Extent | viii, 425 páginas : |
| Other physical details | ilustraciones (en color) ; |
| Dimensions | 28 cm |
| 336 ## - CONTENT TYPE | |
| Fuente | rdacontent |
| Content type term | texto |
| Content type code | txt |
| 336 ## - CONTENT TYPE | |
| Fuente | rdacontent |
| Content type term | imagen fija |
| Content type code | sti |
| 337 ## - MEDIA TYPE | |
| Source | rdamedia |
| Media type term | sin medio |
| Media type code | n |
| 338 ## - CARRIER TYPE | |
| Source | rdacarrier |
| Carrier type term | volumen |
| Carrier type code | nc |
| 650 #7 - SUBJECT ADDED ENTRY--TOPICAL TERM | |
| Source of heading or term | armarc |
| Topical term or geographic name entry element | Histología |
| 650 #7 - SUBJECT ADDED ENTRY--TOPICAL TERM | |
| Source of heading or term | armarc |
| Topical term or geographic name entry element | Histopatología |
| 700 1# - ADDED ENTRY--PERSONAL NAME | |
| Personal name | Anderson, Peter G., |
| Relator term | autor |
| 700 1# - ADDED ENTRY--PERSONAL NAME | |
| Personal name | Anderson, Susan I., |
| Relator term | autor |
| 765 0# - ORIGINAL LANGUAGE ENTRY | |
| Main entry heading | Lowe, J. S., (James Steven) |
| Edition | 5th edition |
| Title | Stevens & Lowes human histology. |
| International Standard Book Number | 9780323612791 |
| 942 ## - ADDED ENTRY ELEMENTS (KOHA) | |
| Source of classification or shelving scheme | Dewey Decimal Classification |
| Koha item type | Libro |
| Classification part | 611.018 |
| Item part | L896 |
| Withdrawn status | Lost status | Source of classification or shelving scheme | Damaged status | Not for loan | Collection code | Home library | Current library | Shelving location | Date acquired | Source of acquisition | Cost, normal purchase price | Total Checkouts | Full call number | Barcode | Date last seen | Date last checked out | Copy number | Cost, replacement price | Price effective from | Koha item type |
|---|---|---|---|---|---|---|---|---|---|---|---|---|---|---|---|---|---|---|---|---|
| Dewey Decimal Classification | General | Biblioteca Karol Wojtyla | Biblioteca Karol Wojtyla | Sala general | 06/05/2024 | 1 | 1227.00 | 1 | 611.018 L896 2020 | 104579 | 12/02/2026 | 25/02/2025 | Ej.2 | 1227.00 | 06/05/2024 | Reserva permanente | ||||
| Dewey Decimal Classification | General | Biblioteca Karol Wojtyla | Biblioteca Karol Wojtyla | Sala general | 06/05/2024 | 1 | 1227.00 | 611.018 L896 2020 | 104578 | 05/01/2026 | 1227.00 | 06/05/2024 | Reserva permanente |